| 000 | 00668nam a2200301Ia 4500 | ||
|---|---|---|---|
| 005 | 20260401122051.0 | ||
| 008 | 008 250103s9999 xx 000 0 eng d | ||
| 020 | _a709946236 | ||
| 037 | _aTB | ||
| 040 | _aEDL | ||
| 040 | _beng | ||
| 040 | _cEDL | ||
| 041 | _2eng | ||
| 041 | _aeng | ||
| 084 | _a820.9 MEE | ||
| 084 | _qEDL | ||
| 100 |
_aMeehan, Michael _91232496 |
||
| 245 | 0 | _aLiberty and Poetics in Eighteenth Century England | |
| 245 | 0 | _cMeehan, Michael | |
| 260 | _aLondon | ||
| 260 | _bCroom Helm | ||
| 260 | _c1986 | ||
| 300 | _a190p | ||
| 942 | _cTB | ||
| 942 | _h820.9 MEE | ||
| 999 |
_c1844699 _d1844699 |
||